00532nam a2200181Ia 4500008004100000020001800041082001700059100003000076245002300106250000600129260003900135300001600174500002400190650001500214942000700229952009700236999001700333230524s9999 xx 000 0 und d a9789382332671 a658.404bPAR aC.S. Parthasarathy942980 0aProject Management a1 aNew DelhibI.K.Internationalc2014 a"XVI,445p;" aQuantity Number: 1 aManagement cBK 00104070aTATCLbTATCLcGENd2023-05-24l0o658.404 PARp54222r2023-05-24w2023-05-24yBK c57931d57931